<?xml version="1.0" encoding="UTF-8"?>
<marc:record xmlns:marc="http://www.loc.gov/MARC21/slim">
   <marc:leader>00000nam a2200000 a 4500</marc:leader>
   <marc:datafield ind1="1" ind2=" " tag="100">
      <marc:subfield code="a">Sautner, Thomas</marc:subfield>
      <marc:subfield code="4">aut</marc:subfield>
      <marc:subfield code="e">Verfasser/-in</marc:subfield>
   </marc:datafield>
   <marc:datafield ind1=" " ind2=" " tag="653">
      <marc:subfield code="a">Gesellschaftsroman</marc:subfield>
   </marc:datafield>
   <marc:datafield ind1=" " ind2=" " tag="653">
      <marc:subfield code="a">Normalität</marc:subfield>
   </marc:datafield>
   <marc:datafield ind1=" " ind2=" " tag="653">
      <marc:subfield code="a">Psychiatrische Anstalt</marc:subfield>
   </marc:datafield>
   <marc:datafield ind1=" " ind2=" " tag="653">
      <marc:subfield code="a">Wahnsinn</marc:subfield>
   </marc:datafield>
   <marc:datafield ind1="0" ind2="0" tag="245">
      <marc:subfield code="a">Pavillon 44</marc:subfield>
   </marc:datafield>
   <marc:datafield ind1="0" ind2="0" tag="245">
      <marc:subfield code="b">Roman</marc:subfield>
   </marc:datafield>
   <marc:datafield ind1=" " ind2="1" tag="264">
      <marc:subfield code="b">Picus Verlag Wien</marc:subfield>
      <marc:subfield code="c">2024</marc:subfield>
   </marc:datafield>
   <marc:datafield ind1="1" ind2=" " tag="520">
      <marc:subfield code="a">In einer psychiatrischen Anstalt am Rande Wiens sammelt Primar Siegfried Lobell die spannendsten Fälle. Von seinen Patientinnen und Patienten in Pavillon 44 erhofft er sich Erkenntnisse über das Rätsel Mensch, den eigenartigen Zustand der Welt und über das obskurste Mysterium von allen – sich selbst. Als zwei seiner Patienten verschwinden, macht sich auch Lobell auf in die Wiener Innenstadt. Was er findet, sind jede Menge Verrückte, aber nicht die beiden. Der Besuch einer Schriftstellerin, die sich in Lobells Pavillon 44 als Gast für eine Rechereche einquartiert, macht die Sache nicht besser …</marc:subfield>
   </marc:datafield>
   <marc:datafield ind1=" " ind2=" " tag="020">
      <marc:subfield code="a">9783711721495</marc:subfield>
      <marc:subfield code="9">9783711721495</marc:subfield>
   </marc:datafield>
</marc:record>
